Normative and descriptive approaches to multiattribute decision making in the management of a firm

Prístupy k multiatribútnemu rozhodovaniu. Multiatribútne rozhodovanie využívajúce funkciu užitočnosti. Interakcia atribútov. Podmienky nezávislosti. Analytický hierarchický proces. Porovnanie normatívneho a deskriptívneho prístupu. Príklady.

Na minha lista:
Detalhes bibliográficos
Autor principal: Terek, Milan
Formato: Capítulo de Livro
Idioma:inglês
Assuntos:
Tags: Adicionar Tag
Sem tags, seja o primeiro a adicionar uma tag!

MARC

LEADER 00000nla$a2200000$$$4500
001 0109354
005 20240613074428.7
041 0 |a eng 
044 |a CZ 
245 1 0 |a Normative and descriptive approaches to multiattribute decision making in the management of a firm  |c Milan Terek 
520 |a Prístupy k multiatribútnemu rozhodovaniu. Multiatribútne rozhodovanie využívajúce funkciu užitočnosti. Interakcia atribútov. Podmienky nezávislosti. Analytický hierarchický proces. Porovnanie normatívneho a deskriptívneho prístupu. Príklady. 
610 2 0 |a rozhodovanie 
610 2 0 |a normatívy 
610 2 0 |a funkcie úžitkové 
610 2 0 |a hierarchia podniková 
610 2 0 |a riadenie podnikové 
100 1 |a Terek, Milan